Legend of Zelda games with "Link" in the title - Statistics

General Stats
  • This quiz has been taken 1,255 times
    1,235 since last reset
  • The average score is 5 of 6
Answer Stats
Console Game % Correct
SNES The Legend of Zelda: A Link to the Past
96%
Game Boy The Legend of Zelda: Link's Awakening
92%
NES Zelda II: The Adventure of Link
91%
3DS The Legend of Zelda: A Link Between Worlds
89%
Wii Link's Crossbow Training
65%
CD-i Link: The Faces of Evil
39%
No matching quizzes found
Score Distribution
Percent of People with Each Score
Percentile by Number Answered
Your Score History
You have not taken this quiz since the last reset